000 00964cab a2200313 4500
001 WB3111-41
008 090401t1995 xxu||||| |||| 00| 0 eng d
035 _a(Sirsi) u29316
041 _aeng
245 _aCommunity forests
260 _c1995
350 _a0
490 _aDoE News Release
_v(128) 14 March 1995 (3)
520 _aThe designation of a Community Forest has no direct statutory implications for the planning process according to Planning Minister.
650 _aCOMMUNITY FORESTS
650 _aDEVELOPMENT PLANS
650 _aDEVELOPMENT PROPOSALS
650 _aFOREST PLANS
650 _aGREEN BELTS
650 _aLand use
_96251
650 _aLOCAL PLANNING AUTHORITIES
650 _aPLANNING APPLICATIONS
650 _aPLANNING POLICY GUIDANCE NOTE 2
650 _aPLANNING POLICY GUIDANCE NOTE 2 (GREEN BELTS)
650 _aSTRUCTURE PLANS
690 _aPLANNING LAW AND PRACTICE
942 _n0
948 _c04/03/1997
999 _c19749
_d19749